| 000 | 00513nam a2200133Ia 4500 | ||
|---|---|---|---|
| 008 | 200302s9999 xx 000 0 und d | ||
| 020 | _a9780081020814 | ||
| 245 |
_cedited by Subhash C. Mandal, Vivekananda Mandal, Tetsuya Konishi. _aNatural products and drug discovery : _ban Intergrated approach / |
||
| 260 |
_aAmsterdam, Netherlands : _bElsevier _c2018 |
||
| 300 |
_axxvi, 749 pages : _bblack and white illustrations; |
||
| 500 | _aIncludes index. | ||
| 650 | _aDrug development. | ||
| 650 | _aNatural products. | ||
| 999 |
_c363048 _d363048 |
||